[Event "Ramat Gan Spring op"]
[Site "Ramat Gan"]
[Date "2023.05.29"]
[Round "4"]
[White "Qasem, Huda"]
[Black "Weber, Yonatan"]
[Result "1/2-1/2"]
[WhiteElo "1943"]
[BlackElo "1629"]
[PlyCount "126"]
[EventDate "2023.05.01"]
[EventType "swiss"]
[EventRounds "7"]
[EventCountry "ISR"]
[SourceTitle "CBM 215 Extra"]
[Source "ChessBase"]
[SourceDate "2023.09.30"]
[SourceVersion "1"]
[SourceVersionDate "2023.09.30"]
[SourceQuality "1"]

1. e4 c5 2. Nf3 g6 3. d4 cxd4 4. Qxd4 Nf6 5. Nc3 Nc6 6. Qa4 d6 7. e5 dxe5 8. Nxe5 Qd4 9. Nxc6 Qxa4 10. Nxa4 bxc6 11. Be3 Bg7 12. Be2 Nd5 13. Bc5 0-0 14. 0-0 Bf5 15. Bd1 Rab8 16. c3 Nb6 17. Re1 Nxa4 18. Bxa4 Rxb2 19. Rxe7 Bxc3 20. Re3 Bd2 21. Re7 Bc3 22. Re3 Bd2 23. Rb3 Rxb3 24. axb3 Re8 25. b4 Bd7 26. Kf1 Re4 27. Rd1 Be6 28. Bxc6 Bc4+ 29. Kg1 Bb3 30. Bxe4 Bxd1 31. b5 Be2 32. Bc6 a6 33. b6 Bf4 34. g3 Bb8 35. Be3 a5 36. Bf4 Bxf4 37. gxf4 Ba6 38. b7 Bxb7 39. Bxb7 a4 40. Bd5 a3 41. Kf1 Kg7 42. f5 g5 43. Ke2 Kf6 44. Kf3 Kxf5 45. Bxf7 g4+ 46. Kg3 Kg5 47. Bd5 h5 48. Kg2 Kf4 49. Bc4 h4 50. Bd5 Ke5 51. Ba2 Kf4 52. Bb3 Ke4 53. Bf7 Kf4 54. Bg8 Ke4 55. Bh7+ Ke5 56. Bb1 Kf4 57. Ba2 Ke4 58. Kf1 Kf3 59. Kg1 g3 60. fxg3 hxg3 61. h3 g2 62. h4 Kg4 63. Kxg2 Kxh4 1/2-1/2

[Event "Rishon Le Ziyyon-ch U18"]
[Site "Rishon Le Ziyyon"]
[Date "2023.04.02"]
[Round "6"]
[White "Weber, Yonatan"]
[Black "Vardi, Daniel"]
[Result "1/2-1/2"]
[WhiteElo "1628"]
[BlackElo "1685"]
[PlyCount "80"]
[EventDate "2023.03.28"]
[EventType "swiss"]
[EventRounds "9"]
[EventCountry "ISR"]
[SourceTitle "CBM 213 Extra"]
[Source "ChessBase"]
[SourceDate "2023.05.31"]
[SourceVersion "1"]
[SourceVersionDate "2023.05.31"]
[SourceQuality "1"]

1. c4 e6 2. g3 d5 3. Bg2 Nf6 4. Nf3 Be7 5. 0-0 0-0 6. b3 c5 7. cxd5 exd5 8. d4 Nc6 9. dxc5 Bxc5 10. Bb2 Re8 11. e3 Qd6 12. Nc3 a6 13. a3 Be6 14. b4 Ba7 15. b5 Na5 16. Nd2 Rad8 17. Qa4 Bb6 18. Rfd1 Bg4 19. Nde4 Nxe4 20. Nxe4 Bxd1 21. Rxd1 Qe7 22. Nc3 Nc4 23. Nxd5 Rxd5 24. Rxd5 Nxb2 25. Qb3 Na4 26. Qxa4 Bxe3 27. Qe4 Qf8 28. Qd3 Bc5 29. bxa6 bxa6 30. Qxa6 Qe7 31. a4 Bxf2+ 32. Kh1 g6 33. a5 Rb8 34. Rd1 Qe5 35. Rf1 Rb2 36. Qa8+ Kg7 37. a6 Ra2 38. Qd5 Qe2 39. Qf3 Qxf3 40. Bxf3 Bxg3 1/2-1/2

[Event "Rishon Le Ziyyon-ch U18"]
[Site "Rishon Le Ziyyon"]
[Date "2023.03.30"]
[Round "4"]
[White "Weber, Yonatan"]
[Black "Sagi, Elisha"]
[Result "1/2-1/2"]
[WhiteElo "1628"]
[BlackElo "1478"]
[PlyCount "62"]
[EventDate "2023.03.28"]
[EventType "swiss"]
[EventRounds "9"]
[EventCountry "ISR"]
[SourceTitle "CBM 213 Extra"]
[Source "ChessBase"]
[SourceDate "2023.05.31"]
[SourceVersion "1"]
[SourceVersionDate "2023.05.31"]
[SourceQuality "1"]

1. c4 e5 2. g3 Nc6 3. Bg2 g6 4. Nc3 Bg7 5. Nf3 d6 6. 0-0 Nge7 7. d3 0-0 8. Rb1 h6 9. b4 Qe8 10. b5 Nd8 11. d4 Be6 12. Nd5 Nxd5 13. cxd5 Bxd5 14. dxe5 Bxf3 15. Bxf3 dxe5 16. Ba3 e4 17. Bg2 f5 18. Bxf8 Bxf8 19. f3 e3 20. Rb3 Ne6 21. Qc2 Qf7 22. Rd1 f4 23. gxf4 Bd6 24. f5 gxf5 25. Bh3 Qh5 26. Qxf5 Ng5 27. Kg2 Kh8 28. Qf6+ Kh7 29. Qf5+ Kh8 30. Qf6+ Kg8 31. Qf5 Kh8 1/2-1/2

[Event "ISR-chT U18"]
[Site "Beer Yaakov"]
[Date "2022.08.14"]
[Round "1.1"]
[White "Sherman, Reem"]
[Black "Weber, Yonatan"]
[Result "1-0"]
[WhiteElo "2056"]
[BlackElo "1569"]
[PlyCount "77"]
[EventDate "2022.08.14"]
[EventType "team-swiss"]
[EventRounds "7"]
[EventCountry "ISR"]
[SourceTitle "CBM 209 Extra"]
[Source "ChessBase"]
[SourceDate "2022.09.30"]
[SourceVersion "1"]
[SourceVersionDate "2022.09.30"]
[SourceQuality "1"]

1. e4 c5 2. Nf3 Nc6 3. d4 cxd4 4. Nxd4 Nf6 5. Nc3 d6 6. Bc4 e6 7. Be3 a6 8. Qe2 Qc7 9. 0-0-0 Na5 10. Bb3 b5 11. f3 Be7 12. g4 0-0 13. h4 Nxb3+ 14. axb3 b4 15. Na4 d5 16. e5 Nd7 17. f4 Nc5 18. Nxc5 Bxc5 19. Qf2 Bd7 20. Nf3 Be7 21. Bd4 a5 22. Kd2 Rfc8 23. Rc1 a4 24. bxa4 Bxa4 25. Ne1 b3 26. c3 Bb5 27. f5 Ra2 28. Rb1 Ba3 29. Ke3 Ra8 30. Nf3 Qc4 31. Rhd1 exf5 32. gxf5 Bd7 33. Nd2 Qc8 34. bxa3 Bxf5 35. Rxb3 Bc2 36. Rg1 Bxb3 37. Rxg7+ Kxg7 38. e6+ f6 39. Qxf6+ 1-0

[Event "EU-chT U12"]
[Site "Thessaloniki"]
[Date "2022.07.17"]
[Round "6.1"]
[White "Weber, Yonatan"]
[Black "Shevchenko, Yaroslav"]
[Result "0-1"]
[WhiteElo "1682"]
[BlackElo "1845"]
[PlyCount "70"]
[EventDate "2022.07.12"]
[EventType "team-swiss"]
[EventRounds "7"]
[EventCountry "GRE"]
[SourceTitle "EXT 2023"]
[Source "ChessBase"]
[SourceDate "2022.10.05"]
[SourceVersion "1"]
[SourceVersionDate "2022.10.05"]
[SourceQuality "1"]
[WhiteTeam "Rishon Le Zion U12"]
[BlackTeam "Ukraine U12"]
[WhiteTeamCountry "ISR"]
[BlackTeamCountry "UKR"]

1. c4 e6 2. g3 d5 3. Bg2 c6 4. Qc2 Nf6 5. Nf3 Be7 6. 0-0 0-0 7. d3 Nbd7 8. Nc3 e5 9. a3 d4 10. Nb1 a5 11. e3 c5 12. Ne1 Re8 13. e4 Nb8 14. f4 Nc6 15. f5 h6 16. h3 Nh7 17. Nf3 Ng5 18. Nxg5 Bxg5 19. Bxg5 Qxg5 20. Kh2 Bd7 21. Nd2 a4 22. Nf3 Qd8 23. g4 Ra6 24. Bh1 g5 25. h4 Na5 26. hxg5 hxg5 27. Kg3 Rh6 28. Bg2 Kg7 29. Rh1 Reh8 30. Raf1 Nb3 31. f6+ Qxf6 32. Nd2 Qe6 33. Bh3 Rxh3+ 34. Rxh3 Qxg4+ 35. Kf2 Rxh3 0-1

[Event "ISR-ch U08/18"]
[Site "Savyon"]
[Date "2022.04.10"]
[Round "3"]
[White "Zakin, Ilay"]
[Black "Weber, Yonatan"]
[Result "1-0"]
[WhiteElo "1638"]
[BlackElo "1738"]
[PlyCount "83"]
[EventDate "2022.04.06"]
[EventType "swiss"]
[EventRounds "9"]
[EventCountry "ISR"]
[SourceTitle "EXT 2023"]
[Source "ChessBase"]
[SourceDate "2022.10.05"]
[SourceVersion "1"]
[SourceVersionDate "2022.10.05"]
[SourceQuality "1"]

1. e4 c5 2. Nf3 Nc6 3. d4 cxd4 4. Nxd4 Nf6 5. Nc3 d6 6. Be2 e5 7. Nb3 a5 8. a4 Be6 9. Bg5 Be7 10. 0-0 0-0 11. Bxf6 Bxf6 12. Nd5 Bxd5 13. Qxd5 Nb4 14. Qd1 g6 15. c3 Nc6 16. Nd2 d5 17. exd5 Qxd5 18. Bf3 Qe6 19. Ne4 Bg7 20. Qe2 Qe7 21. Qb5 Qc7 22. Nc5 Rab8 23. Rad1 Rfd8 24. Rxd8+ Nxd8 25. Rd1 Bf8 26. Nd7 Ra8 27. Qxe5 Qxe5 28. Nxe5 Bg7 29. Nc4 Nc6 30. Rd7 Re8 31. g3 Re1+ 32. Kg2 Ra1 33. Rxb7 Rxa4 34. b3 Rxc4 35. bxc4 Ne5 36. c5 a4 37. Ra7 Nxf3 38. Kxf3 Bxc3 39. Rxa4 Kf8 40. Ke4 Ke7 41. Kd5 Kf6 42. f4 1-0

[Event "EU-ch U08"]
[Site "Bratislava"]
[Date "2019.08.06"]
[Round "5"]
[White "Weber, Yonatan"]
[Black "Celik, Ali Alper"]
[Result "0-1"]
[WhiteElo "1118"]
[BlackElo "1401"]
[PlyCount "40"]
[EventDate "2019.08.02"]
[EventType "swiss"]
[EventRounds "9"]
[EventCountry "SVK"]
[SourceTitle "EXT 2020"]
[Source "ChessBase"]
[SourceDate "2019.10.17"]
[SourceVersion "1"]
[SourceVersionDate "2019.10.17"]
[SourceQuality "1"]

1. e4 e6 2. d4 d5 3. exd5 exd5 4. Nf3 Bd6 5. c4 Nf6 6. Nc3 0-0 7. cxd5 Nbd7 8. Bc4 Nb6 9. Bb3 Re8+ 10. Kf1 Bg4 11. h3 Bh5 12. a3 Qd7 13. Bg5 Nfxd5 14. Nxd5 Nxd5 15. Qc2 Nb6 16. Nh4 Qb5+ 17. Kg1 Qxg5 18. Nf5 Bf3 19. Ne3 Be4 20. Qe2 Bf4 0-1